[Event "Voronezh op-A 19th"]
[Site "Voronezh"]
[Date "2015.06.18"]
[Round "7"]
[White "Denishev, Marat"]
[Black "Elfimov, Kirill"]
[Result "1-0"]
[WhiteElo "2276"]
[BlackElo "2102"]
[PlyCount "63"]
[EventDate "2015.06.12"]
[EventType "swiss"]
[EventRounds "9"]
[EventCountry "RUS"]
[SourceTitle "CBM 167 Extra"]
[Source "ChessBase"]
[SourceDate "2015.09.14"]
[SourceVersion "1"]
[SourceVersionDate "2015.09.14"]
[SourceQuality "1"]

1. a3 e5 2. c4 Nc6 3. Nc3 g6 4. g3 Bg7 5. Bg2 d6 6. Nf3 f5 7. d3 Nf6 8. 0-0 0-0 9. Qc2 h6 10. b4 g5 11. Bb2 f4 12. b5 Ne7 13. Nd2 Nf5 14. Nd5 fxg3 15. hxg3 Ng4 16. Bf3 Ne7 17. Rac1 Kh8 18. Kg2 c5 19. Nxe7 Qxe7 20. Ne4 Rb8 21. Rh1 b6 22. Qd2 Kg8 23. Rh5 Nf6 24. Nxf6+ Qxf6 25. Qe3 Be6 26. Rch1 Qe7 27. Rxh6 Bxh6 28. Rxh6 Kg7 29. Rh5 Rh8 30. Rxg5+ Kf8 31. Bh5 Bc8 32. Qf3+ 1-0

[Event "Voronezh op-A 19th"]
[Site "Voronezh"]
[Date "2015.06.17"]
[Round "6"]
[White "Elfimov, Kirill"]
[Black "Sergienko, Sergey"]
[Result "0-1"]
[WhiteElo "2102"]
[BlackElo "2362"]
[PlyCount "140"]
[EventDate "2015.06.12"]
[EventType "swiss"]
[EventRounds "9"]
[EventCountry "RUS"]
[SourceTitle "CBM 167 Extra"]
[Source "ChessBase"]
[SourceDate "2015.09.14"]
[SourceVersion "1"]
[SourceVersionDate "2015.09.14"]
[SourceQuality "1"]

1. d4 Nf6 2. c4 e6 3. Nc3 Bb4 4. f3 0-0 5. e4 d5 6. e5 Nfd7 7. cxd5 exd5 8. a3 Bxc3+ 9. bxc3 f6 10. exf6 Qxf6 11. Bd3 Nb6 12. Ne2 Bf5 13. Bxf5 Qxf5 14. 0-0 Nc6 15. Ng3 Qg6 16. f4 Ne7 17. Ra2 Rae8 18. Re2 Nf5 19. Nxf5 Qxf5 20. Rfe1 Qd7 21. Qb3 c6 22. Kf2 Rxe2+ 23. Rxe2 Nc4 24. a4 h6 25. g3 b6 26. Kg2 Re8 27. Qd1 a5 28. h3 b5 29. axb5 cxb5 30. g4 a4 31. f5 Rxe2+ 32. Qxe2 Kf7 33. Qf2 Qe7 34. Kh2 a3 35. Qa2 Kg8 36. Bf4 Kh7 37. Bc1 Kh8 38. Bf4 Qe1 39. f6 gxf6 40. Qc2 Qe4 41. Qf2 a2 42. Bxh6 Qg6 43. Qxa2 Qxh6 44. Qa8+ Kg7 45. Qxd5 Qf4+ 46. Kh1 Ne3 47. Qd7+ Kh6 48. Qc6 Qf1+ 49. Kh2 Qf2+ 50. Kh1 Nf1 51. Qg2 Ng3+ 52. Kh2 Qxg2+ 53. Kxg2 Ne2 54. Kf3 Nxc3 55. h4 Kg6 56. Ke3 b4 57. Kd3 f5 58. h5+ Kg5 59. gxf5 Kxf5 60. Kc4 Nd5 61. h6 Kg6 62. Kxd5 b3 63. Kc6 b2 64. d5 b1Q 65. d6 Kxh6 66. Kc7 Qc2+ 67. Kd8 Qc6 68. d7 Kg7 69. Ke7 Qf6+ 70. Ke8 Qf8# 0-1

[Event "Voronezh op-A 19th"]
[Site "Voronezh"]
[Date "2015.06.16"]
[Round "5"]
[White "Sorokin, Aleksey"]
[Black "Elfimov, Kirill"]
[Result "0-1"]
[WhiteElo "2383"]
[BlackElo "2102"]
[PlyCount "78"]
[EventDate "2015.06.12"]
[EventType "swiss"]
[EventRounds "9"]
[EventCountry "RUS"]
[SourceTitle "CBM 167 Extra"]
[Source "ChessBase"]
[SourceDate "2015.09.14"]
[SourceVersion "1"]
[SourceVersionDate "2015.09.14"]
[SourceQuality "1"]

1. d4 d5 2. Nf3 Nc6 3. g3 Bg4 4. Bg2 Bxf3 5. Bxf3 Nf6 6. 0-0 e5 7. dxe5 Nxe5 8. Bg2 Qd7 9. b3 0-0-0 10. Bb2 Nc6 11. Bxf6 gxf6 12. Nc3 d4 13. Nd5 h5 14. h4 Qd6 15. b4 Qe5 16. Nf4 Nxb4 17. Rb1 c6 18. Nd3 Nxd3 19. Qxd3 Bc5 20. Rb3 Rde8 21. Re1 Bb6 22. Kh2 Kc7 23. a4 f5 24. Ra1 f4 25. Ra2 Qxe2 26. a5 Bc5 27. Qf5 Qe5 28. Qxf7+ Re7 29. Qg6 Qd6 30. Qg5 fxg3+ 31. fxg3 Rf8 32. Rab2 b5 33. a6 Bb6 34. Qxh5 Rf2 35. c4 d3 36. Rxf2 Bxf2 37. Qh8 d2 38. Qa8 d1Q 39. Qb7+ Kd8 0-1

[Event "Voronezh CC-ch"]
[Site "Voronezh"]
[Date "2014.10.25"]
[Round "8"]
[White "Elfimov, Kirill"]
[Black "Kostin, Alexey"]
[Result "0-1"]
[WhiteElo "2067"]
[BlackElo "2303"]
[PlyCount "58"]
[EventDate "2014.10.17"]
[EventType "swiss"]
[EventRounds "9"]
[EventCountry "RUS"]
[SourceTitle "CBM 163 Extra"]
[Source "ChessBase"]
[SourceDate "2014.12.23"]
[SourceVersion "1"]
[SourceVersionDate "2014.12.23"]
[SourceQuality "1"]

1. d4 Nf6 2. c4 e6 3. Nc3 Bb4 4. e3 0-0 5. Bd3 c5 6. a3 Bxc3+ 7. bxc3 d6 8. Ne2 Nc6 9. 0-0 b6 10. e4 h6 11. f4 Ba6 12. f5 e5 13. Rf3 cxd4 14. Rg3 Kh7 15. cxd4 Rc8 16. Bb2 Qc7 17. c5 Bxd3 18. cxd6 Qxd6 19. Qxd3 exd4 20. Nxd4 Rfd8 21. Rd1 Qc5 22. Kf1 Ne5 23. Qe2 Qc4 24. Re3 Qa4 25. Ke1 Nc4 26. Red3 Re8 27. Ne6 Nxb2 28. Qxb2 Qxe4+ 29. Kf1 Qxf5+ 0-1

[Event "Voronezh CC-ch"]
[Site "Voronezh"]
[Date "2014.10.23"]
[Round "6"]
[White "Klimentov, Evgeny"]
[Black "Elfimov, Kirill"]
[Result "1/2-1/2"]
[WhiteElo "2165"]
[BlackElo "2067"]
[PlyCount "158"]
[EventDate "2014.10.17"]
[EventType "swiss"]
[EventRounds "9"]
[EventCountry "RUS"]
[SourceTitle "CBM 163 Extra"]
[Source "ChessBase"]
[SourceDate "2014.12.23"]
[SourceVersion "1"]
[SourceVersionDate "2014.12.23"]
[SourceQuality "1"]

1. e4 e5 2. Nf3 Nc6 3. Bb5 f5 4. Nc3 fxe4 5. Nxe4 Nf6 6. Nxf6+ Qxf6 7. Qe2 d6 8. d4 Bd7 9. Bg5 Qe6 10. dxe5 Nxe5 11. Bxd7+ Kxd7 12. Nxe5+ Qxe5 13. Qxe5 dxe5 14. 0-0-0+ Bd6 15. Rhe1 Kc6 16. Re4 b5 17. f3 a6 18. Bh4 Raf8 19. Bg3 Rf5 20. Rde1 Rh5 21. c3 Rd8 22. Kc2 Rd7 23. c4 Kb7 24. cxb5 axb5 25. Bxe5 Bxe5 26. Rxe5 Rxh2 27. Rxb5+ Kc6 28. Rg5 g6 29. Kc3 Rd6 30. b4 h6 31. Rg4 g5 32. a4 Kb7 33. a5 Rc6+ 34. Kb3 Rd6 35. Rc1 c6 36. Kc3 Re6 37. Kd3 Re5 38. Ra1 Ka6 39. Rc4 Re6 40. Rac1 Kb7 41. R1c2 Rh1 42. Re4 Rd6+ 43. Ke2 Rb1 44. Rec4 h5 45. a6+ Kxa6 46. Rxc6+ Rxc6 47. Rxc6+ Kb7 48. Rg6 Rb2+ 49. Kf1 Rxb4 50. Rxg5 h4 51. Kg1 Kc6 52. Kh2 Kd6 53. Rg4 Rb8 54. Rxh4 Ke5 55. Re4+ Kf5 56. g4+ Kg5 57. Kg3 Rb3 58. Re5+ Kg6 59. g5 Rb1 60. f4 Kh5 61. Kf3 Rb3+ 62. Ke4 Rb4+ 63. Kf5 Rb1 64. Re6 Rb5+ 65. Kf6 Rb1 66. g6 Rg1 67. Kf7 Kh6 68. f5 Rg5 69. g7+ Kh7 70. f6 Rxg7+ 71. Ke8 Rg8+ 72. Ke7 Ra8 73. Rd6 Kg6 74. Rd7 Rb8 75. Ra7 Rc8 76. Rd7 Ra8 77. Rd6 Ra7+ 78. Ke6 Ra1 79. Ke7 Ra7+ 1/2-1/2

[Event "Voronezh op-B 17th"]
[Site "Voronezh"]
[Date "2013.06.17"]
[Round "6"]
[White "Kornilov, Peter"]
[Black "Elfimov, Kirill"]
[Result "0-1"]
[WhiteElo "2029"]
[BlackElo "2067"]
[PlyCount "44"]
[EventDate "2013.06.12"]
[EventType "swiss"]
[EventRounds "9"]
[EventCountry "RUS"]
[SourceTitle "EXT 2014"]
[Source "ChessBase"]
[SourceDate "2013.11.20"]
[SourceVersion "1"]
[SourceVersionDate "2013.11.20"]
[SourceQuality "1"]

1. Nf3 g6 2. c4 Bg7 3. Nc3 e5 4. d4 exd4 5. Nxd4 Ne7 6. e4 Nbc6 7. Nc2 0-0 8. Bg5 h6 9. Be3 f5 10. Qd2 Kh7 11. 0-0-0 fxe4 12. h4 Nf5 13. h5 g5 14. Nxe4 Ne5 15. Nd4 Nxe3 16. Ne6 dxe6 17. Qxd8 Rxd8 18. Rxd8 Nxf1 19. Rxf1 b6 20. Nd2 Bb7 21. Rxa8 Bxa8 22. f3 Nd3+ 0-1

[Event "Voronezh op-B 17th"]
[Site "Voronezh"]
[Date "2013.06.12"]
[Round "1"]
[White "Malikov, Sergey Konstantinov"]
[Black "Elfimov, Kirill"]
[Result "0-1"]
[WhiteElo "1811"]
[BlackElo "2067"]
[PlyCount "46"]
[EventDate "2013.06.12"]
[EventType "swiss"]
[EventRounds "9"]
[EventCountry "RUS"]
[SourceTitle "EXT 2014"]
[Source "ChessBase"]
[SourceDate "2013.11.20"]
[SourceVersion "1"]
[SourceVersionDate "2013.11.20"]
[SourceQuality "1"]

1. Nf3 Nc6 2. g3 e5 3. d3 f5 4. Bg2 Nf6 5. 0-0 d6 6. Nbd2 Qe7 7. Nb3 h6 8. Re1 g5 9. e4 f4 10. d4 Qg7 11. dxe5 dxe5 12. Bd2 Bg4 13. Bc3 Bd6 14. Qd3 0-0-0 15. Qc4 h5 16. Nc5 Nd7 17. Nd3 Qh6 18. Nc1 h4 19. h3 Be6 20. Qf1 hxg3 21. fxg3 Bc5+ 22. Kh2 g4 23. Ng1 fxg3+ 0-1

[Event "Dimitrovgrad-ch"]
[Site "Dimitrovgrad"]
[Date "2009.??.??"]
[Round "3"]
[White "Elfimov, Kirill"]
[Black "Ajrapetian, Nikita"]
[Result "1-0"]
[WhiteElo "2035"]
[BlackElo "2085"]
[PlyCount "67"]
[EventDate "2009.08.??"]
[EventType "swiss"]
[EventRounds "9"]
[EventCountry "RUS"]
[SourceTitle "EXT 2012"]
[Source "ChessBase"]
[SourceDate "2011.11.24"]
[SourceVersion "1"]
[SourceVersionDate "2011.11.24"]
[SourceQuality "1"]

1. d4 d5 2. c4 c6 3. Nc3 Nf6 4. Bg5 e6 5. e3 Nbd7 6. cxd5 exd5 7. Bd3 Be7 8. Nge2 0-0 9. Qc2 Re8 10. 0-0 Nf8 11. f3 Nh5 12. Bxe7 Qxe7 13. e4 dxe4 14. fxe4 Qg5 15. e5 Bg4 16. Kh1 Qe3 17. Bf5 Bxe2 18. Nxe2 g6 19. Rf3 Qg5 20. Bh3 Re7 21. Nc3 f5 22. exf6 Nxf6 23. Raf1 Kg7 24. Qf2 N8d7 25. Bxd7 Nxd7 26. h4 Qg4 27. Rf7+ Rxf7 28. Qxf7+ Kh6 29. Qe7 Nb6 30. Qf6 Rg8 31. Qe7 Rh8 32. Qe3+ Kh5 33. Qe5+ Kh6 34. Qxh8 1-0

[Event "Dimitrovgrad-ch"]
[Site "Dimitrovgrad"]
[Date "2009.??.??"]
[Round "8"]
[White "Filippov, Vladimir Mikhailovi"]
[Black "Elfimov, Kirill"]
[Result "1-0"]
[WhiteElo "1960"]
[BlackElo "2035"]
[PlyCount "41"]
[EventDate "2009.08.??"]
[EventType "swiss"]
[EventRounds "9"]
[EventCountry "RUS"]
[SourceTitle "EXT 2012"]
[Source "ChessBase"]
[SourceDate "2011.11.24"]
[SourceVersion "1"]
[SourceVersionDate "2011.11.24"]
[SourceQuality "1"]

1. Nf3 Nc6 2. c4 e5 3. d3 g6 4. Nc3 Bg7 5. g3 f5 6. Bg2 Nf6 7. 0-0 d6 8. Rb1 a5 9. Bd2 0-0 10. a3 Nh5 11. b4 axb4 12. axb4 f4 13. Qb3 Kh8 14. Ra1 Bg4 15. Rxa8 Qxa8 16. Nd5 Bxf3 17. exf3 Nd4 18. Qd1 c6 19. Nc3 Qa3 20. Qb1 Ra8 21. Re1 1-0

[Event "Dimitrovgrad-ch"]
[Site "Dimitrovgrad"]
[Date "2009.??.??"]
[Round "6"]
[White "Matveenko, Yury"]
[Black "Elfimov, Kirill"]
[Result "1-0"]
[WhiteElo "2125"]
[BlackElo "2035"]
[PlyCount "53"]
[EventDate "2009.08.??"]
[EventType "swiss"]
[EventRounds "9"]
[EventCountry "RUS"]
[SourceTitle "EXT 2012"]
[Source "ChessBase"]
[SourceDate "2011.11.24"]
[SourceVersion "1"]
[SourceVersionDate "2011.11.24"]
[SourceQuality "1"]

1. f4 e5 2. fxe5 d6 3. exd6 Bxd6 4. Nf3 g5 5. g3 g4 6. Nh4 Ne7 7. d4 Ng6 8. Nxg6 hxg6 9. Qd3 Nc6 10. c3 Qe7 11. Bg2 Bf5 12. e4 0-0-0 13. 0-0 Ne5 14. Qc2 Be6 15. b3 f6 16. Be3 Nf3+ 17. Bxf3 gxf3 18. Rxf3 Rh3 19. Bf4 Rdh8 20. Bxd6 Qxd6 21. Qf2 f5 22. Nd2 fxe4 23. Nxe4 Qd5 24. Rf8+ Rxf8 25. Qxf8+ Qd8 26. Qxd8+ Kxd8 27. Ng5 1-0

[Event "Voronezh Region-ch"]
[Site "Voronezh"]
[Date "2008.12.06"]
[Round "4"]
[White "Ponomariov, Timur"]
[Black "Elfimov, Kirill"]
[Result "1-0"]
[WhiteElo "2307"]
[BlackElo "2036"]
[PlyCount "159"]
[EventDate "2008.12.03"]
[EventType "swiss"]
[EventRounds "9"]
[EventCountry "RUS"]
[SourceTitle "EXT 2010"]
[Source "ChessBase"]
[SourceDate "2010.11.25"]
[SourceVersion "1"]
[SourceVersionDate "2010.11.25"]
[SourceQuality "1"]

1. e4 d5 2. exd5 Qxd5 3. Nc3 Qd6 4. d4 Nf6 5. Nf3 c6 6. Ne5 Nbd7 7. Bf4 Nd5 8. Qf3 Nxf4 9. Qxf4 f6 10. Nd3 Qxf4 11. Nxf4 Nb6 12. 0-0-0 e6 13. Ne4 Kf7 14. Bd3 Nd5 15. Ne2 Be7 16. c4 Nc7 17. h4 b6 18. g4 Bb7 19. Rhg1 Rad8 20. Rg3 c5 21. Bc2 cxd4 22. Nxd4 Rd7 23. Ba4 Rdd8 24. Nc6 Rxd1+ 25. Kxd1 a6 26. Rd3 Bxc6 27. Bxc6 Rd8 28. Rxd8 Bxd8 29. Nd6+ Kf8 30. Nc8 Ne8 31. b4 Bc7 32. Bb7 a5 33. c5 bxc5 34. bxc5 Be5 35. f3 Nc7 36. Kc2 Bd4 37. Nb6 Ke7 38. Na4 e5 39. Kd3 Bf2 40. h5 g6 41. hxg6 hxg6 42. Be4 Kf7 43. Kc4 g5 44. Nc3 Ke7 45. Bf5 Bd4 46. Ne4 Be3 47. a4 Bd4 48. Nd6 Be3 49. Bc8 Bf2 50. Nb5 Kd8 51. Bf5 Be3 52. Na7 Na6 53. Nc6+ Kc7 54. Kb5 Nxc5 55. Ne7 Kd6 56. Nc8+ Kc7 57. Nb6 Bd2 58. Nc4 Nb3 59. Nxd2 Nxd2 60. Be4 Nb3 61. Bd5 Nd4+ 62. Kxa5 Kd6 63. Be4 Kc5 64. Ka6 Kb4 65. Kb6 Kxa4 66. Kc5 Kb3 67. Kd6 Kc4 68. Ke7 Kc5 69. Kxf6 Kd6 70. Kxg5 Ke6 71. Kh6 Ke7 72. g5 Ne6 73. Bd5 Nf4 74. Bc4 Nh3 75. g6 e4 76. fxe4 Nf2 77. g7 Ng4+ 78. Kg5 Nf6 79. Kg6 Nxe4 80. g8Q 1-0

[Event "Voronezh Region-ch"]
[Site "Voronezh"]
[Date "2008.12.05"]
[Round "3"]
[White "Elfimov, Kirill"]
[Black "Zhurikhin, Alexander"]
[Result "1-0"]
[WhiteElo "2036"]
[BlackElo "2104"]
[PlyCount "53"]
[EventDate "2008.12.03"]
[EventType "swiss"]
[EventRounds "9"]
[EventCountry "RUS"]
[SourceTitle "EXT 2010"]
[Source "ChessBase"]
[SourceDate "2010.11.25"]
[SourceVersion "1"]
[SourceVersionDate "2010.11.25"]
[SourceQuality "1"]

1. e4 e5 2. f4 Qh4+ 3. g3 Qe7 4. fxe5 d6 5. Nc3 dxe5 6. Nf3 Nf6 7. Bc4 h6 8. d3 Nc6 9. Be3 Bh3 10. Qe2 0-0-0 11. Nd5 Nxd5 12. Bxd5 Nd4 13. Nxd4 exd4 14. Bd2 f5 15. Bc4 Re8 16. Qh5 Bg4 17. Qg6 Qd7 18. 0-0 Bh3 19. exf5 Bd6 20. Be6 Rxe6 21. fxe6 Bxe6 22. Rae1 Bh3 23. Rf7 Qc6 24. Re4 Qb5 25. g4 h5 26. Qf5+ Qxf5 27. gxf5 1-0

[Event "Voronezh Region-ch"]
[Site "Voronezh"]
[Date "2008.12.03"]
[Round "1"]
[White "Elfimov, Kirill"]
[Black "Provkin, Vladimir"]
[Result "0-1"]
[WhiteElo "2036"]
[BlackElo "2297"]
[PlyCount "74"]
[EventDate "2008.12.03"]
[EventType "swiss"]
[EventRounds "9"]
[EventCountry "RUS"]
[SourceTitle "EXT 2010"]
[Source "ChessBase"]
[SourceDate "2010.11.25"]
[SourceVersion "1"]
[SourceVersionDate "2010.11.25"]
[SourceQuality "1"]

1. d4 Nf6 2. c4 g6 3. Nc3 Bg7 4. e4 d6 5. Be2 0-0 6. g4 e5 7. g5 Nfd7 8. d5 a5 9. h4 f5 10. gxf6 Qxf6 11. Be3 Na6 12. Qd2 Ndc5 13. 0-0-0 h5 14. Kb1 Bd7 15. Nf3 Nb4 16. Rdg1 Be8 17. Ng5 c6 18. Rd1 Rc8 19. dxc6 Rxc6 20. Nb5 Bh6 21. a3 Nba6 22. Nxd6 Bxg5 23. Bxg5 Qg7 24. Qxa5 Kh7 25. Nxe8 Rxe8 26. f3 Nb3 27. Qc3 Nd4 28. Bf1 Nc5 29. Be3 Rd8 30. Bg2 Ncb3 31. Qb4 Qc7 32. Bg5 Rd7 33. Qf8 Rf7 34. Qd8 Qxd8 35. Bxd8 Rxc4 36. Rd3 Rc8 37. Bb6 Rc6 0-1

[Event "Voronezh op-B 11th"]
[Site "Voronezh"]
[Date "2007.06.14"]
[Round "3"]
[White "Potapov, Alexander"]
[Black "Elfimov, Kirill"]
[Result "1-0"]
[WhiteElo "2234"]
[BlackElo "1976"]
[PlyCount "89"]
[EventDate "2007.06.12"]
[EventType "swiss"]
[EventRounds "9"]
[EventCountry "RUS"]
[SourceTitle "EXT 2010"]
[Source "ChessBase"]
[SourceDate "2010.11.25"]
[SourceVersion "1"]
[SourceVersionDate "2010.11.25"]
[SourceQuality "1"]

1. d4 Nf6 2. Nf3 g6 3. Bg5 Bg7 4. Nbd2 d6 5. e4 0-0 6. c3 c5 7. dxc5 dxc5 8. Be2 Nc6 9. 0-0 Qc7 10. Qc2 Be6 11. Bc4 Bxc4 12. Nxc4 b5 13. Ne3 e6 14. a4 a6 15. Ra2 c4 16. axb5 axb5 17. Rfa1 Qb7 18. Bxf6 Bxf6 19. Ng4 Be7 20. e5 Rxa2 21. Rxa2 Ra8 22. Rxa8+ Qxa8 23. h4 h5 24. Nf6+ Bxf6 25. exf6 Qd8 26. Qe4 Qd1+ 27. Kh2 Qd6+ 28. Kg1 Qd1+ 29. Ne1 Qd5 30. Qxd5 exd5 31. Nf3 Kf8 32. Kf1 Ke8 33. Ke2 Kd7 34. Ke3 Ke6 35. Nd4+ Nxd4 36. Kxd4 Kd6 37. f3 Ke6 38. Kc5 Ke5 39. g3 Kxf6 40. Kxd5 g5 41. Kc5 gxh4 42. gxh4 Kf5 43. Kxb5 Kf4 44. Kxc4 Kxf3 45. b4 1-0

[Event "Voronezh Region-ch U20"]
[Site "Voronezh "]
[Date "2006.12.05"]
[Round "10"]
[White "Chekhov, Sergey"]
[Black "Elfimov, Kirill"]
[Result "1-0"]
[WhiteElo "2175"]
[BlackElo "1976"]
[PlyCount "59"]
[EventDate "2006.12.02"]
[EventType "tourn"]
[EventRounds "11"]
[EventCountry "RUS"]
[SourceTitle "EXT 2008"]
[Source "ChessBase"]
[SourceDate "2007.11.25"]
[SourceVersion "1"]
[SourceVersionDate "2007.11.25"]
[SourceQuality "1"]

1. d4 Nf6 2. c4 d6 3. Nc3 Bf5 4. g3 e5 5. Bg2 c6 6. e4 Bg4 7. Nge2 g6 8. 0-0 Bg7 9. h3 Bxe2 10. Nxe2 0-0 11. Be3 Qe7 12. Nc3 Na6 13. Qd2 Nc7 14. Rad1 Rfd8 15. Rfe1 b6 16. Kh2 Rac8 17. a3 Ne6 18. d5 cxd5 19. exd5 Nc5 20. b4 Nb7 21. Nb5 Ra8 22. f4 Nd7 23. fxe5 Nxe5 24. Bg5 f6 25. Bf4 Qd7 26. Qe2 Rdc8 27. Rc1 Re8 28. Bxe5 fxe5 29. Rf1 a6 30. Nc3 1-0

[Event "RUS Central Region-ch U14"]
[Site "Tula"]
[Date "2004.11.07"]
[Round "6"]
[White "Elfimov, Kirill"]
[Black "Kosov, Ivan"]
[Result "0-1"]
[WhiteElo "2036"]
[BlackElo "2170"]
[PlyCount "100"]
[EventDate "2004.11.02"]
[EventType "swiss"]
[EventRounds "9"]
[EventCountry "RUS"]
[SourceTitle "EXT 2006"]
[Source "ChessBase"]
[SourceDate "2005.11.24"]
[SourceVersion "1"]
[SourceVersionDate "2005.11.24"]
[SourceQuality "1"]

1. e4 c5 2. Nf3 e6 3. d4 cxd4 4. Nxd4 a6 5. Nc3 Qc7 6. g3 b5 7. Bg2 Bb7 8. 0-0 Nf6 9. Qe2 d6 10. f4 Nbd7 11. a3 Rc8 12. h3 Qc4 13. Qf2 g6 14. e5 Bxg2 15. Kxg2 Nd5 16. exd6 Bg7 17. Nce2 0-0 18. b3 Qc5 19. Bb2 Qxd6 20. Rad1 Qb6 21. Ba1 Qb7 22. Kh2 Rfe8 23. Qf3 e5 24. fxe5 Nxe5 25. Qf2 Ne3 26. Kg1 Nxd1 27. Rxd1 Qb6 28. Rf1 f5 29. Qg2 Nc6 30. Qd5+ Kh8 31. Kh1 Nxd4 32. Bxd4 Bxd4 33. Qxd4+ Qxd4 34. Nxd4 Re4 35. Rd1 Rd8 36. c3 Re3 37. Rc1 Rc8 38. Kg2 Rcxc3 39. Rxc3 Rxc3 40. a4 Rd3 41. Nc6 Rxb3 42. axb5 Rxb5 43. g4 fxg4 44. hxg4 a5 45. Nd4 Rb2+ 46. Kf3 a4 47. Ne2 a3 48. Nc1 Rb1 49. Na2 Rb2 50. Nc1 Rc2 0-1